Sports Quiz

Random Sports Quiz

Every Adam Cole PWG Opponents Quiz Stats

 Plays Quiz not verified by Sporcle

Score 0/40 Timer 10:00
0 Plays Today
Event Wrestler % Correct
PWG Mystery Vortex 'Mr Wrestling' Kevin Steen
95.7%
PWG DDT4 '13 (Tag Team Match - Semi Final Round)'Mr Wrestling' Kevin Steen
95.7%
PWG Ten (Triple Threat)'Mr Wrestling' Kevin Steen
95.7%
PWG Battle of Los Angeles '12 Night 1 (1st Round)'The Generic Luchador' El Generico
88.8%
PWG DDT4 '13 (Tag Team Match - Semi Final Round)'The Generic Luchador' El Generico
88.8%
PWG Matt RushmoreKyle O'Reilly
87.7%
PWG DDT4 '13 (Tag Team Match - 1st Round)Roderick Strong
82.4%
PWG DDT4 2014 (1st Round - Tag Team)Joey Ryan
74.7%
PWG All Star Weekend 9 Night 1 (Tag Team Match)'Unbreakable' Michael Elgin
71.1%
PWG Battle of Los Angeles '12 Night 2 (Final Round)'Unbreakable' Michael Elgin
71.1%
PWG DDT4 2014 (1st Round - Tag Team)Candice LeRae
69.5%
PWG Battle of Los Angeles '13 Night 2 (Six Man Tag Match)Candice LeRae
69.5%
PWG All Star Weekend X Night 1Chris Hero
67.9%
PWG Battle of Los Angeles '12 Night 2 (Quarter Final Round)Eddie Edwards
67.4%
PWG DDT4 '13 (Tag Team Match - 1st Round)Eddie Edwards
67.4%
PWG All Star Weekend X Night 2Johnny Gargano
67.4%
PWG Is Your Body Ready?'Callihan Death Machine' Sami Callihan
63.6%
PWG Battle of Los Angeles '12 Night 2 (Semi Final Round)'Callihan Death Machine' Sami Callihan
63.6%
PWG Steen Wolf (Tag Team Match)Nick Jackson
63.1%
PWG Steen Wolf (Tag Team Match)Matt Jackson
63.1%
Event Wrestler % Correct
PWG Threemendous III (Three Way Tag Team Match)Nick Jackson
63.1%
PWG Threemendous III (Three Way Tag Team Match)Matt Jackson
63.1%
PWG Battle of Los Angeles '13 Night 2 (Six Man Tag Match)Rich Swann
59.9%
PWG DDT4 2014 (2st Round - Tag Team)Chuck Taylor
59.8%
PWG DDT4 2014 (2st Round - Tag Team)Trent Barreta
55.7%
PWG All Star Weekend 9 Night 2Drake Younger
51.9%
PWG Ten (Triple Threat)Drake Younger
51.9%
PWG Threemendous III (Three Way Tag Team Match)Player Dos
51.3%
PWG DDT4 '12 (Tag Team Match - Semi Final Round)Player Uno
51.3%
PWG DDT4 '12 (Tag Team Match - Semi Final Round)Player Dos
51.3%
PWG Threemendous III (Three Way Tag Team Match)Player Uno
51.3%
PWG All Star Weekend 9 Night 1 (Tag Team Match)Brian Cage
50.8%
PWG DDT4 '12 (Tag Team Match - 1st Round)Joey Ryan
46.5%
PWG Battle of Los Angeles '13 Night 2 (Six Man Tag Match)AR Fox
44.4%
PWG Fear (Tag Team Match)Johnny Goodtime
43.3%
PWG Fear (Tag Team Match)Johnny Yuma
43.3%
PWG Battle of Los Angeles '13 Night 1 (Six Man Tag Match)'Sugar' Rocky Romero
40.6%
PWG DDT4 '12 (Tag Team Match - 1st Round)Scorpio Sky
39%
PWG Battle of Los Angeles '13 Night 1 (Six Man Tag Match)TJ Perkins
39%
PWG Battle of Los Angeles '13 Night 1 (Six Man Tag Match)Alex Koslov
36.4%

You're not logged in!

Compare scores with friends on all Sporcle quizzes.
OR
Log In

Show Comments

Extras

Created Jan 29, 2014ReportNominate
Tags:cole, date, event, opponent, pwg, wrestlers

Top Quizzes Today


Score Distribution

Your Account Isn't Verified!

In order to create a playlist on Sporcle, you need to verify the email address you used during registration. Go to your Sporcle Settings to finish the process.

Report this User

Report this user for behavior that violates our Community Guidelines.

Details: